Statistics for UK Quiz-Multiple Choice

Click here to take the quiz!

General Stats

  • This quiz has been taken 86 times
    (71 since last reset)
  • The average score is 6 of 10

Answer Stats

QuestionAnswer% Correct
What is the capital of Wales?Cardiff
89%
Which two bodies form the English Parliament?House of Commons/House of Lords
87%
In which of these cities was William Shakespeare born in?Stratford-upon-Avon
84%
True or False: There is no such thing as Commonwealth DayFalse
79%
Why is 7/14/2019 so special?CWC and Wimbeldon finals took place
73%
True or False: Queen Elizabeth became queen in 1926False
67%
Which one of these is the Conwy Castle?
57%
What was invented in the UK?
48%
Who was king for only a year?Edward VIII
43%
True or False: Butter Chicken is the UK national dishTrue
16%

Score Distribution

Percentile by Number Answered

Percent of People with Each Score

Your Score History

You have not taken this quiz since the last reset